| 000 | 00563nam a2200205Ia 4500 | ||
|---|---|---|---|
| 001 | 9558 | ||
| 003 | GE_BSU | ||
| 008 | 181216s||||||||xx |||||||||||||| ||und|| | ||
| 020 | _a9770869561004 | ||
| 040 | _cGE_BSU | ||
| 245 | _aПедагогика №2. 2014. | ||
| 245 | _bНаучн.-технич. журнал РА образования | ||
| 245 | _cГл. ред. Р.С.Бозиев | ||
| 260 | _aМосква | ||
| 260 | _bООО Педагогика | ||
| 260 | _c2014 | ||
| 300 | _a128стр.24см. | ||
| 653 | _aПедагогика | ||
| 942 | _cCR | ||
| 999 |
_c42851 _d42851 |
||